शेती इस्त्राईलची (Record no. 1260435)

MARC details
000 -LEADER
fixed length control field 00640nam a2200193Ia 4500
008 - FIXED-LENGTH DATA ELEMENTS--GENERAL INFORMATION
fixed length control field 151121s9999||||xx |||||||||||||| ||und||
082 ## - DEWEY DECIMAL CLASSIFICATION NUMBER
Classification number 630।535/भोंगळे
082 ## - DEWEY DECIMAL CLASSIFICATION NUMBER
Item number HNW-79035
100 ## - MAIN ENTRY--PERSONAL NAME
Personal name भोंगळे सुधीर
245 ## - TITLE STATEMENT
Title शेती इस्त्राईलची
260 ## - PUBLICATION, DISTRIBUTION, ETC. (IMPRINT)
Name of publisher, distributor, etc "राजहंस , पुणे।"
260 ## - PUBLICATION, DISTRIBUTION, ETC. (IMPRINT)
Date of publication, distribution, etc --
300 ## - PHYSICAL DESCRIPTION
Extent 232
600 ## - SUBJECT ADDED ENTRY--PERSONAL NAME
Personal name भोंगळे सुधीर
630 ## - SUBJECT ADDED ENTRY--UNIFORM TITLE
Uniform title शेती इस्त्राईलची
700 ## - ADDED ENTRY--PERSONAL NAME
Personal name भोंगळे सुधीर
730 ## - ADDED ENTRY--UNIFORM TITLE
Uniform title शेती इस्त्राईलची
942 ## - ADDED ENTRY ELEMENTS (KOHA)
Koha item type Book
Holdings
Withdrawn status Lost status Damaged status Not for loan Home library Current library Date acquired Cost, normal purchase price Total Checkouts Full call number Barcode Date last seen Cost, replacement price Price effective from Koha item type
        Hirachand Nemchand Wachanalaya, Solapur Hirachand Nemchand Wachanalaya, Solapur 11/21/2015 250.00   HNW-79035 HNW-79035 11/21/2015 250.00 11/21/2015 Book